[Event "Aragon-chT Preferente"]
[Site "Spain"]
[Date "2010.02.20"]
[Round "5.47"]
[White "Bellosta Lopez, Pablo"]
[Black "Gil Pineiro, David"]
[Result "1/2-1/2"]
[WhiteElo "1892"]
[BlackElo "1937"]
[PlyCount "103"]
[EventDate "2010.01.23"]
[EventType "team-swiss"]
[EventRounds "12"]
[EventCountry "ESP"]
[SourceTitle "EXT 2013"]
[Source "ChessBase"]
[SourceDate "2012.11.22"]
[SourceVersion "1"]
[SourceVersionDate "2012.11.22"]
[SourceQuality "1"]
[WhiteTeam "Huesca Club Atletismo"]
[BlackTeam "Teruel"]
[WhiteTeamCountry "ESP"]
[BlackTeamCountry "ESP"]

1. e4 c5 2. Nf3 g6 3. d4 cxd4 4. Nxd4 Nc6 5. Nc3 Bg7 6. Be3 Nf6 7. Bc4 0-0 8. Bb3 a5 9. f3 d5 10. Nxc6 bxc6 11. exd5 Nxd5 12. Nxd5 cxd5 13. Qxd5 Qxd5 14. Bxd5 Rb8 15. Rb1 Rxb2 16. Rxb2 Bxb2 17. Kf2 Bf5 18. Bb3 Rc8 19. c4 Be6 20. c5 Bxb3 21. axb3 Ba3 22. Ra1 Bxc5 23. Rxa5 Bxe3+ 24. Kxe3 Rc3+ 25. Kf2 Rxb3 26. Ra2 Kg7 27. Re2 Kf6 28. g3 e5 29. Kg2 h5 30. Kf2 g5 31. h3 Rb4 32. Kg2 Kf5 33. Kf2 h4 34. Ra2 f6 35. Rc2 hxg3+ 36. Kxg3 Rf4 37. Rc5 Ke6 38. Ra5 Rb4 39. Ra6+ Kf5 40. Ra5 Rd4 41. Rb5 Rf4 42. Ra5 Kg6 43. Ra6 e4 44. fxe4 Rxe4 45. Kf3 Rb4 46. Rc6 Rf4+ 47. Kg3 Kf5 48. Rc5+ Kg6 49. Rc6 Re4 50. Kf3 Kf5 51. Rxf6+ Kxf6 52. Kxe4 1/2-1/2

[Event "Aragon-chT Preferente"]
[Site "Spain"]
[Date "2010.02.06"]
[Round "3.16"]
[White "Bellosta Lopez, Pablo"]
[Black "Garcia Monterde, Francisco Jose"]
[Result "1/2-1/2"]
[WhiteElo "1892"]
[BlackElo "1946"]
[PlyCount "110"]
[EventDate "2010.01.23"]
[EventType "team-swiss"]
[EventRounds "12"]
[EventCountry "ESP"]
[SourceTitle "EXT 2013"]
[Source "ChessBase"]
[SourceDate "2012.11.22"]
[SourceVersion "1"]
[SourceVersionDate "2012.11.22"]
[SourceQuality "1"]
[WhiteTeam "Huesca Club Atletismo"]
[BlackTeam "IberCaja VI"]
[WhiteTeamCountry "ESP"]
[BlackTeamCountry "ESP"]

1. e4 c6 2. Nc3 d5 3. Nf3 d4 4. Ne2 c5 5. c3 Nc6 6. cxd4 cxd4 7. Qa4 b5 8. Qxb5 Bd7 9. Ne5 Qc7 10. Nxd7 Qxd7 11. Qd5 Nf6 12. Qxd7+ Nxd7 13. a3 e5 14. b4 a6 15. Bb2 Nb6 16. Rc1 Kd7 17. Ng3 Na7 18. Bxa6 g6 19. f4 f6 20. fxe5 fxe5 21. Rf1 Be7 22. Ne2 Nbc8 23. b5 Nd6 24. a4 Nxe4 25. Bb7 Nc5 26. Rxc5 Bxc5 27. Bxa8 Rxa8 28. Rf7+ Ke6 29. Rc7 Bd6 30. Rxh7 Nc8 31. Rh8 Kd7 32. b6 Nxb6 33. Rxa8 Nxa8 34. a5 Nc7 35. Nc1 Kc6 36. Kf2 Kb5 37. Kf3 Kxa5 38. Nd3 Nd5 39. Kg4 Nf6+ 40. Kg5 Ne4+ 41. Kxg6 Nxd2 42. Nf2 Nc4 43. Bc1 e4 44. Nxe4 Bxh2 45. g4 d3 46. Kf5 Bg1 47. g5 Bd4 48. g6 Bg7 49. Ke6 Ne5 50. Kf5 Nxg6 51. Kxg6 Bd4 52. Bd2+ Ka4 53. Kf5 Kb3 54. Ke6 Kc2 55. Kd5 Bb2 1/2-1/2

[Event "Aragon-chT Preferente"]
[Site "Spain"]
[Date "2010.01.30"]
[Round "2.24"]
[White "Matamoros Villarreal, Antonio"]
[Black "Bellosta Lopez, Pablo"]
[Result "1/2-1/2"]
[WhiteElo "1971"]
[BlackElo "1892"]
[PlyCount "79"]
[EventDate "2010.01.23"]
[EventType "team-swiss"]
[EventRounds "12"]
[EventCountry "ESP"]
[SourceTitle "EXT 2013"]
[Source "ChessBase"]
[SourceDate "2012.11.22"]
[SourceVersion "1"]
[SourceVersionDate "2012.11.22"]
[SourceQuality "1"]
[WhiteTeam "Shatranj"]
[BlackTeam "Huesca Club Atletismo"]
[WhiteTeamCountry "ESP"]
[BlackTeamCountry "ESP"]

1. e4 c5 2. Nf3 d6 3. d4 Nf6 4. Nc3 cxd4 5. Nxd4 a6 6. Bc4 e6 7. Bb3 Nbd7 8. Be3 Nc5 9. f3 Be7 10. Qd2 0-0 11. 0-0 Qc7 12. a3 d5 13. exd5 Nxb3 14. cxb3 Nxd5 15. Nxd5 exd5 16. Rac1 Qd6 17. Rc3 Bd8 18. Rfc1 Be6 19. b4 Re8 20. Ne2 Bd7 21. Bc5 Bb6 22. Bxb6 Qxb6+ 23. Qd4 Qxd4+ 24. Nxd4 Rac8 25. Rxc8 Rxc8 26. Rxc8+ Bxc8 27. Kf2 Kf8 28. Ke3 Ke7 29. Ne2 Kd6 30. Kd4 b6 31. Nc3 Be6 32. Na4 Kc6 33. Nc3 f6 34. f4 g6 35. a4 Kd6 36. a5 bxa5 37. bxa5 Kc6 38. g3 Bf7 39. b4 Be6 40. g4 1/2-1/2

[Event "Aragon-chT"]
[Site "Aragon"]
[Date "2009.03.14"]
[Round "7"]
[White "Palacin Algas, Angel"]
[Black "Bellosta Lopez, Pablo"]
[Result "0-1"]
[WhiteElo "1948"]
[BlackElo "1835"]
[PlyCount "62"]
[EventDate "2009.01.24"]
[EventType "team-swiss"]
[EventRounds "9"]
[EventCountry "ESP"]
[SourceTitle "EXT 2011"]
[Source "ChessBase"]
[SourceDate "2010.11.26"]
[SourceVersion "1"]
[SourceVersionDate "2010.11.26"]
[SourceQuality "1"]

1. e4 c5 2. Nc3 d6 3. g3 g6 4. Bg2 Bg7 5. d3 Nc6 6. f4 Nf6 7. h3 0-0 8. Nf3 Rb8 9. 0-0 b5 10. a3 a5 11. Be3 b4 12. axb4 axb4 13. Ne2 e6 14. Rc1 Nd7 15. b3 Ra8 16. g4 Ra2 17. Qe1 Ba6 18. f5 Nce5 19. Ng5 Qe7 20. fxe6 fxe6 21. Rxf8+ Nxf8 22. Nf3 Nfd7 23. d4 Nxf3+ 24. Bxf3 Bxe2 25. Bxe2 cxd4 26. Bd2 Nc5 27. Bxb4 Bh6 28. Bd2 Bxd2 29. Qxd2 Nxb3 30. Qf4 Nxc1 31. Qxc1 Qa7 0-1

[Event "Aragon-chT"]
[Site "Aragon"]
[Date "2009.02.21"]
[Round "4"]
[White "Bellosta Lopez, Pablo"]
[Black "Castillo Sanjuan, Daniel"]
[Result "1-0"]
[WhiteElo "1835"]
[BlackElo "1892"]
[PlyCount "75"]
[EventDate "2009.01.24"]
[EventType "team-swiss"]
[EventRounds "9"]
[EventCountry "ESP"]
[SourceTitle "EXT 2011"]
[Source "ChessBase"]
[SourceDate "2010.11.26"]
[SourceVersion "1"]
[SourceVersionDate "2010.11.26"]
[SourceQuality "1"]

1. e4 e5 2. Bc4 Bc5 3. Nc3 Nf6 4. d3 d6 5. Na4 Bb6 6. Nxb6 axb6 7. f4 Nc6 8. Nf3 Bg4 9. h3 Bxf3 10. Qxf3 Nd4 11. Qf2 b5 12. Bb3 Qe7 13. 0-0 Nxb3 14. cxb3 exf4 15. Bxf4 Nd7 16. b4 0-0 17. a3 Ne5 18. Qg3 f6 19. Rac1 c5 20. Qe3 Rac8 21. bxc5 dxc5 22. d4 Nc4 23. Qb3 Qxe4 24. Qxb5 Qxd4+ 25. Kh1 Nxb2 26. Rf3 c4 27. Qxb7 Nd3 28. Rg3 f5 29. Bh6 g6 30. Rxd3 cxd3 31. Rxc8 Qa1+ 32. Rc1 Qe5 33. Bxf8 d2 34. Qb3+ Kh8 35. Rd1 Qe1+ 36. Kh2 Qe5+ 37. Qg3 f4 38. Qf3 1-0

[Event "Aragon-chT Autonomico"]
[Site "Aragon"]
[Date "2007.01.27"]
[Round "1"]
[White "Arregui Untoria, Carlos"]
[Black "Bellosta Lopez, Pablo"]
[Result "1-0"]
[WhiteElo "1831"]
[BlackElo "1841"]
[PlyCount "55"]
[EventDate "2007.01.27"]
[EventType "team"]
[EventRounds "9"]
[EventCountry "ESP"]
[SourceTitle "EXT 2008"]
[Source "ChessBase"]
[SourceDate "2007.11.25"]
[SourceVersion "1"]
[SourceVersionDate "2007.11.25"]
[SourceQuality "1"]
[WhiteTeam "St Casablanca V"]
[BlackTeam "Huesca Club Atletismo"]
[WhiteTeamCountry "ESP"]
[BlackTeamCountry "ESP"]

1. e4 c5 2. Nc3 d6 3. g3 Nf6 4. Bg2 g6 5. d3 Bg7 6. f4 Nc6 7. Nf3 0-0 8. 0-0 Rb8 9. h3 b5 10. g4 b4 11. Ne2 a5 12. f5 Nd7 13. Qe1 e6 14. Qg3 Nce5 15. Nf4 Qe7 16. g5 Nxf3+ 17. Bxf3 gxf5 18. exf5 exf5 19. Nd5 Qe6 20. Re1 Ne5 21. Nf6+ Kh8 22. Bd5 Qe7 23. Qh4 Bxf6 24. gxf6 Qd8 25. Bh6 Rg8+ 26. Bg7+ Rxg7+ 27. fxg7+ Kxg7 28. Qxd8 1-0